[Event "Europa ch 2008"]
[Site "Plovdiv BUL"]
[Date "2008.04.21"]
[Round "1.9"]
[White "Narciso Dublan, Marc"]
[Black "Georgiev, Kiril"]
[Result "1/2-1/2"]
[WhiteElo "2509"]
[BlackElo "2665"]
[PlyCount "80"]
[EventDate "2008.04.21"]
[Source "www.chesslib.no"]
[SourceDate "2004.05.04"]

1. e4 c5 2. c3 d5 3. exd5 Qxd5 4. d4 Nf6 5. Nf3 e6 6. Be3 cxd4 7. cxd4 Bb4+ 8. Nc3 Bd7 9. Be2 Bb5 10. O-O Bxc3 11. Bxb5+ Qxb5 12. bxc3 Nbd7 13. Qb3 Qc6 14. c4 O-O 15. Rfd1 b6 16. a4 Rfc8 17. Rdc1 Rab8 18. Bf4 Ra8 19. h3 h6 20. a5 Qe4 21. Bh2 Kh7 22. Qb5 Kg8 23. Ne5 a6 24. Qa4 Nxe5 25. Bxe5 bxa5 26. Rd1 Qc6 27. Bxf6 gxf6 28. c5 Qxa4 29. Rxa4 Rc6 30. Rda1 Rd8 31. Rc4 e5 32. dxe5 fxe5 33. Rc2 Rb8 34. Rxa5 Rb5 35. Rca2 Rxa5 36. Rxa5 Kf8 37. f4 exf4 38. Kf2 Ke7 39. Kf3 Rf6 40. Ke4 Kd7 1/2-1/2

[Event "Open"]
[Site "Andorra"]
[Date "2007.07.04"]
[Round "5.2"]
[White "Strikovic, Aleksa"]
[Black "Spraggett, Kevin"]
[Result "1/2-1/2"]
[WhiteElo "2563"]
[BlackElo "2611"]
[PlyCount "42"]
[EventDate "2007.06.30"]
[Source "www.chesslib.no"]
[SourceDate "2004.05.04"]

1. e4 c5 2. c3 d5 3. exd5 Qxd5 4. d4 g6 5. dxc5 Qxc5 6. Na3 Bg7 7. Nb5 a6 8. Be3 Qc6 9. Na7 Qc7 10. Nxc8 Qxc8 11. g3 Nf6 12. Bg2 O-O 13. Qb3 Nc6 14. Ne2 b5 15. O-O Rb8 16. Nd4 Ne5 17. Rfe1 e6 18. Rad1 Re8 19. Bf4 Nfd7 20. a4 bxa4 21. Qxa4 Rxb2 1/2-1/2

[Event "Novotel Open "]
[Site "Budapest"]
[Date "2004.08.21"]
[Round "3"]
[White "Vajda, Levente"]
[Black "Krasenkow, Michal"]
[Result "1-0"]
[WhiteElo "2539"]
[BlackElo "2632"]
[PlyCount "127"]
[EventDate "2004.08.19"]
[Source "Roberto Alvarez"]
[SourceDate "2004.09.21"]

1. e4 c5 2. c3 d5 3. exd5 Qxd5 4. d4 e6 5. Nf3 Nf6 6. Be3 cxd4 7. cxd4 Bb4+ 8. Nc3 O-O 9. Bd3 b6 10. O-O Bxc3 11. bxc3 Ba6 12. Bxa6 Nxa6 13. Qa4 Qb7 14. c4 Rac8 15. Rab1 Nb8 16. Rfc1 Nc6 17. h3 Rfd8 18. Rb3 h6 19. Ra3 Rd7 20. Rb1 Ne7 21. d5 exd5 22. c5 Nf5 23. c6 Rxc6 24. Ne5 Rcc7 25. Nxd7 Rxd7 26. Qf4 Ne7 27. Bd4 Ng6 28. Qf5 Ne4 29. Qg4 Rc7 30. Ra4 Qc6 31. Rab4 Re7 32. Rd1 Nd6 33. Ba1 Ne4 34. Bd4 Ne5 35. Qh5 Nc4 36. Rbb1 Ng5 37. Re1 Re4 38. Rxe4 dxe4 39. Rd1 Ne6 40. Qg4 Nd6 41. Be3 Kf8 42. Qg3 Ke7 43. Bc1 Nc4 44. Ba3+ Nxa3 45. Qxa3+ Kf6 46. Qxa7 Qc2 47. Re1 Qb2 48. Qa8 Nc5 49. Qc6+ Ke5 50. a4 Qb4 51. Rc1 Ne6 52. Rd1 Qc5 53. Qb7 f5 54. Rb1 Qd4 55. Qb8+ Kf6 56. Rxb6 e3 57. fxe3 Qxe3+ 58. Kh2 f4 59. Rb3 Qc5 60. Rd3 Qc4 61. Qb2+ Kf7 62. Rd7+ Kg6 63. Qb5 Qa2 64. Qd5 1-0

[Event "Mind Sports Games - Rapid Ind"]
[Site "Pechino CINA"]
[Date "2008.10.06"]
[Round "6"]
[White "Ghaem Maghami, E."]
[Black "Banikas, H."]
[Result "1/2-1/2"]
[WhiteElo "2599"]
[BlackElo "2572"]
[PlyCount "215"]
[EventDate "2008.10.05"]
[Source "www.chesslib.no"]
[SourceDate "2004.05.04"]

1. e4 c5 2. c3 d5 3. exd5 Qxd5 4. d4 Nf6 5. Nf3 e6 6. Be3 cxd4 7. cxd4 Bd7 8. Nc3 Qa5 9. Bc4 Bc6 10. O-O Bd6 11. d5 exd5 12. Bd4 Nbd7 13. Re1+ Kf8 14. Bb3 Rd8 15. Rc1 Bc5 16. Qd2 Bxd4 17. Nxd4 Nc5 18. Bc2 Qb6 19. Qe3 Re8 20. Qf4 Bd7 21. Rxe8+ Bxe8 22. Re1 Ne6 23. Nxe6+ fxe6 24. g4 Bf7 25. Na4 Qc6 26. Bd3 Ne8 27. Rc1 Qd6 28. Qxd6+ Nxd6 29. Rc7 g5 30. Nc5 b6 31. Nd7+ Kg7 32. Rxa7 Re8 33. a4 Re7 34. Rc7 e5 35. b4 e4 36. Bf1 Kh8 37. a5 bxa5 38. bxa5 Be8 39. a6 Rxd7 40. a7 Rd8 41. Rc5 Ra8 42. Rxd5 Nb7 43. Rxg5 Rxa7 44. Bc4 Bg6 45. h4 Nd6 46. Bb3 Bf7 47. Bxf7 Rxf7 48. Kg2 Re7 49. Rd5 Ne8 50. Kg3 e3 51. fxe3 Rxe3+ 52. Kf4 Re7 53. g5 Kg7 54. Rd4 Kg6 55. Kg4 Ng7 56. h5+ Kf7 57. g6+ hxg6 58. hxg6+ Kxg6 59. Rd6+ Ne6 60. Ra6 Kf6 61. Kf3 Rc7 62. Ke4 Rc4+ 63. Kd3 Rd4+ 64. Ke3 Rh4 65. Ra8 Ke5 66. Re8 Rh3+ 67. Ke2 Kd5 68. Kf2 Nd4 69. Kg2 Ra3 70. Kf2 Nc6 71. Ke2 Ne5 72. Kd2 Kd4 73. Rd8+ Ke4 74. Re8 Rd3+ 75. Kc2 Rd7 76. Kc3 Rd5 77. Kc2 Kd4 78. Kd2 Nc4+ 79. Ke2 Nd6 80. Rd8 Re5+ 81. Kd2 Kd5 82. Kd3 Rh5 83. Kd2 Rh3 84. Ke2 Ke5 85. Kd2 Nc4+ 86. Kc2 Ke4 87. Rd7 Ne3+ 88. Kd2 Nd5 89. Rd8 Rh2+ 90. Kd1 Nc3+ 91. Kc1 Nb5 92. Kd1 Nd4 93. Kc1 Kd3 94. Rd7 Rh6 95. Rd8 Re6 96. Rd7 Rc6+ 97. Kb2 Kc4 98. Kc1 Kc3 99. Rd8 Kd3+ 100. Kb2 Rb6+ 101. Kc1 Rb4 102. Rd7 Rc4+ 103. Kd1 Rc6 104. Rd8 Ke3 105. Re8+ Ne6 106. Re7 Kd3 107. Rd7+ Nd4 108. Rd8 1/2-1/2

[Event "Deutschland"]
[Site "?"]
[Date "1994.??.??"]
[Round "?"]
[White "Rozentalis, E."]
[Black "Ftacnik, L."]
[Result "1-0"]
[WhiteElo "2605"]
[BlackElo "2565"]
[PlyCount "79"]
[EventDate "1994.??.??"]
[Source "ChessBase"]
[SourceDate "1994.02.01"]

1. e4 c5 2. c3 d5 3. exd5 Qxd5 4. d4 e5 5. dxe5 Qxd1+ 6. Kxd1 Nc6 7. f4 Bf5 8. Nf3 O-O-O+ 9. Ke1 f6 10. Bb5 Bd7 11. Nbd2 Re8 12. Bxc6 Bxc6 13. Kf2 Nh6 14. h3 g5 15. exf6 gxf4 16. Nc4 Nf5 17. Re1 Rxe1 18. Nxe1 Bh6 19. Ne5 Rf8 20. Nxc6 bxc6 21. Nd3 Rxf6 22. Nxf4 Rd6 23. Be3 Nxe3 24. Kxe3 Rg6 25. Rg1 Rg3+ 26. Ke4 Kc7 27. Kf5 Kb6 28. h4 Rg7 29. g3 Kb5 30. Rg2 Kc4 31. Nh5 Rb7 32. Nf6 Bc1 33. b3+ Kxc3 34. Ne4+ Kb4 35. Rc2 Be3 36. g4 h6 37. Rc4+ Ka3 38. Ra4+ Kb2 39. Nd6 Re7 40. Kf6 1-0

[Event "Tilburg Fontys"]
[Site "Tilburg"]
[Date "1997.??.??"]
[Round "8"]
[White "Shaked, Tal"]
[Black "Polgar, Judit"]
[Result "1/2-1/2"]
[WhiteElo "2500"]
[BlackElo "2670"]
[PlyCount "84"]
[EventDate "1997.09.27"]
[Source "ChessBase"]
[SourceDate "1997.11.23"]

1. e4 c5 2. c3 d5 3. exd5 Qxd5 4. d4 Nf6 5. Nf3 Bg4 6. dxc5 Qxc5 7. h3 Bd7 8. Na3 e6 9. Be3 Qa5 10. Nc4 Qc7 11. Nce5 Bd6 12. Nxd7 Nbxd7 13. Bb5 O-O 14. O-O Nc5 15. Re1 Rad8 16. Qc2 a6 17. Bf1 Bf4 18. Bd4 Ncd7 19. Rad1 Rfe8 20. Be3 h6 21. Bxf4 Qxf4 22. Nd4 Nc5 23. g3 Qc7 24. Nb3 Na4 25. Rd4 b5 26. Red1 Rc8 27. Bg2 h5 28. Qe2 Rcd8 29. Rxd8 Rxd8 30. Rxd8+ Qxd8 31. Nd4 Qd6 32. Nf3 Qd5 33. Ne5 Qxa2 34. Qd1 Qxb2 35. Qd8+ Kh7 36. Nxf7 Qxc3 37. Kh2 Nc5 38. f4 Kg6 39. Ne5+ Kh7 40. Nf7 Kg6 41. Ne5+ Kh7 42. Nf7 Kg6 1/2-1/2

[Event "Vienna op"]
[Site "Vienna"]
[Date "1996.??.??"]
[Round "9"]
[White "Onischuk, Alexander"]
[Black "Lutz, Christopher"]
[Result "1-0"]
[WhiteElo "2605"]
[BlackElo "2565"]
[PlyCount "67"]
[EventDate "1996.08.??"]
[Source "ChessBase"]

1. e4 c5 2. c3 d5 3. exd5 Qxd5 4. d4 Nf6 5. Nf3 e6 6. Be3 cxd4 7. cxd4 Be7 8. Nc3 Qd6 9. a3 O-O 10. Bd3 Nc6 11. Qc2 Bd7 12. O-O h6 13. Rad1 Rac8 14. Qd2 Nd5 15. Nxd5 Qxd5 16. Rfe1 Qh5 17. b4 a6 18. Bf4 Rfd8 19. Qe3 Bf6 20. Be5 Be7 21. Be4 Bg5 22. Nxg5 Qxg5 23. Bf4 Qf6 24. Bd6 Be8 25. Bc5 Rb8 26. Bb6 Rdc8 27. Qg3 Bd7 28. h4 Re8 29. Bc7 Rbc8 30. Be5 Nxe5 31. dxe5 Qe7 32. Bxb7 Rc2 33. Bxa6 Bc6 34. Qb3 1-0

[Event "Danube Summer, Tekija YUG"]
[Site "?"]
[Date "2001.??.??"]
[Round "3"]
[White "Markovic, Miros"]
[Black "Crisan, A."]
[Result "0-1"]
[WhiteElo "2535"]
[BlackElo "2635"]
[PlyCount "78"]
[EventDate "2001.??.??"]
[Source "www.chesslib.no"]
[SourceDate "2004.05.04"]

1. e4 c5 2. c3 d5 3. exd5 Qxd5 4. d4 Nf6 5. dxc5 Qxc5 6. Na3 a6 7. Nc4 Nbd7 8. a4 b6 9. a5 b5 10. Be3 Qc7 11. Nb6 Nxb6 12. axb6 Qc6 13. Be2 Bb7 14. Bf3 Qc8 15. Bxb7 Qxb7 16. Qf3 Nd5 17. Ne2 e6 18. Nf4 O-O-O 19. Nxd5 Rxd5 20. O-O Bc5 21. Bxc5 Rxc5 22. Qg3 f6 23. Rfd1 Rg5 24. Qh3 Qxb6 25. Re1 Kd7 26. Rad1+ Ke7 27. Rd4 h5 28. Qe3 Qc6 29. g3 Kf7 30. h4 Re5 31. Qd2 Rxe1+ 32. Qxe1 e5 33. Qe4 Qxe4 34. Rxe4 Rd8 35. Re2 Rd1+ 36. Kg2 Ke6 37. Kf3 Kd5 38. Ke3 a5 39. f4 e4 0-1

[Event "EU-chT (Men)"]
[Site "Batumi"]
[Date "1999.12.01"]
[Round "3.2"]
[White "Minasian, Artashes"]
[Black "Istratescu, Andrei"]
[Result "1/2-1/2"]
[WhiteElo "2600"]
[BlackElo "2570"]
[PlyCount "120"]
[EventDate "1999.11.06"]
[Source "ChessBase"]
[SourceDate "2000.02.01"]

1. e4 c5 2. c3 d5 3. exd5 Qxd5 4. d4 Nf6 5. Be3 cxd4 6. cxd4 e6 7. Nc3 Qd6 8. Nf3 Nc6 9. a3 Be7 10. Bd3 O-O 11. Qc2 Bd7 12. O-O Rac8 13. Rad1 Rfd8 14. Qe2 Be8 15. Bb1 a6 16. d5 Ne5 17. Nd4 Neg4 18. g3 Nxe3 19. Qxe3 Nxd5 20. Nxd5 Qxd5 21. Be4 Qg5 22. Qxg5 Bxg5 23. Bxb7 Rb8 24. Bxa6 Rxb2 25. Nf3 Rxd1 26. Rxd1 Be7 27. Rc1 Rb8 28. Rc3 Kf8 29. Bd3 Bd6 30. Be4 g6 31. Nd2 f5 32. Bf3 e5 33. Bd5 e4 34. Nc4 Bc5 35. Ne3 Bd4 36. Rb3 Rd8 37. Bc4 Rc8 38. Bb5 Rc1+ 39. Bf1 Bf7 40. Rb8+ Kg7 41. Kg2 Kf6 42. Rd8 Bc5 43. h4 Bxa3 44. Rd1 Rxd1 45. Nxd1 Ke5 46. Ne3 Bc5 47. Bb5 Be6 48. f4+ Kd4 49. Kf2 Ba2 50. h5 Bb1 51. hxg6 hxg6 52. Ng2 Bd3 53. Be8 Bc4 54. Bxg6 Kd3+ 55. Ke1 Bb4+ 56. Kf2 Bc5+ 57. Ke1 Be6 58. Nh4 Bb4+ 59. Kf1 Kd2 60. Nxf5 e3 1/2-1/2